000 00403nam a22001697a 4500
003 MPLRDC
005 20220104142939.0
008 210129b ||||| |||| 00| 0 eng d
082 _a848.1 LYT v.2 c.4
100 _a林语堂编著
245 _a吾国与吾民
_c
250 _a初版
260 _a
_b世一书局
_c1976
300 _b
650 _a现代别集
942 _cBK
_o848.1 LYT v.2 c.4
999 _c35164
_d35154